Statistics for Countries Bordering China Since 1914

Click here to take the quiz!

General Stats

  • This quiz has been taken 27,340 times
    (26,396 since last reset)
  • The average score is 17 of 21

Answer Stats

Dates Country % Correct
1689 - 1922, 1991 -Russia
98%
1947 -India
97%
1911 -Mongolia
96%
1945 -North Korea
96%
1976 -Vietnam
94%
1951 -Nepal
92%
1991 -Kazakhstan
90%
1953 -Laos
90%
1947 -Pakistan
89%
1948 -Myanmar
86%
1905 - 1945Japan
85%
1951 -Bhutan
85%
1991 -Tajikistan
83%
1991 -Kyrgyzstan
81%
1922 - 1991Soviet Union
80%
1895 -Afghanistan
80%
1842 - 1997United Kingdom
78%
1912 - 1951Tibet
60%
1898 - 1946France
60%
1887 - 1999Portugal
57%
1945 - 1976North Vietnam
36%

Score Distribution

Percentile by Number Answered

Percent of People with Each Score

Your Score History

You have not taken this quiz since the last reset